Random Songs To Singer - Statistics

General Stats
  • This quiz has been taken 34 times
  • The average score is 11 of 21
Answer Stats
Songs Singer % Correct
Bad, Thriller Michael Jackson
100%
Rise, Roar Katy Perry
87%
Poker Face, Shallow Lady Gaga
83%
Crazy In Love, Halo Beyonce
77%
My Name Is, Stan Eminem
70%
American Oxygen, Umbrella Rihanna
70%
Gangnam Style, Hangover Psy
67%
E.T., Gold Digger Kanye West
63%
Havana, Liar Camila Cabello
60%
Men in Black, Miami Will Smith
57%
Hollaback Girl, Rich Girl Gwen Stefani
53%
99 Problems, Renegade Jay-Z
53%
Roman's Revenge, Super Bass Nicki Minaj
50%
Gin and Juice, Who am I Snoop Dogg
40%
I Need a Doctor, Nuthing But a G Thang Dr Dre
37%
Fire, The A Team Ed Sheeran
30%
Rap Devil, Wild Boy Machine Gun Kelly
30%
Numb, One More Light Linkin Park
27%
Good Cop, Bad Cop, It Was a Good Day Ice Cube
23%
Ruff Ryder's Anthem, Up in Here DMX
13%
Homicide, Keanu Reeves Logic
13%
No matching quizzes found
Score Distribution
Percent of People with Each Score
Percentile by Number Answered
Your Score History
You have not taken this quiz